00475 2200169 4500001002100000005001500021035002000036245007600056100001500132250001700147300003600164260003100200082001100231084001700242020002200259650002400281INLIS00000000000046220240702090504 a0010-07240000171 aSejarah Kebudayaan Islam 3 :bKelas V Madrasah Ibtidaiyah /cUbaedillah0 aUbaedillah acetakan ke-1 axii, 155 hlm :bilus ;c25,5 cm aBogor :bYudhistira,c2020 a297.09 a297.09 UBA s a978-602-445-999-4 4aBuku Teks Pelajaran